[Event "Berkeley CC FNM; 30/90, SD/30"]
[Site "Berkeley"]
[Date "2009.05.08"]
[Round "2.7"]
[White "Hirsch, Jack"]
[Black "Gonda, Thomas A"]
[Result "0-1"]
[WhiteElo "1292"]
[BlackElo "1685"]
[PlyCount "120"]
[EventDate "2009.??.??"]
[SourceDate "2007.10.22"]

1. e4 c5 2. Nf3 d6 3. Bb5+ Bd7 4. Bxd7+ Qxd7 5. Nc3 e6 6. d3 Be7 7. e5 d5 8.
Bf4 a6 9. O-O Nc6 10. a3 h6 11. h3 b5 12. d4 g5 13. Bg3 Qa7 14. Ne2 Rc8 15. c3
c4 16. Re1 Na5 17. Nc1 Bd8 18. Re2 Ne7 19. Ne1 Nf5 20. Bh2 Qe7 21. g4 Ng7 22.
Ng2 h5 23. f3 hxg4 24. hxg4 Kd7 25. Ne3 Qf8 26. Kf1 Rh3 27. Rf2 Qh8 28. Qe2 Qh7
29. Qc2 Bc7 30. Qxh7 Rxh7 31. Bg1 Ne8 32. Rh2 Rxh2 33. Bxh2 f6 34. Kg2 fxe5 35.
Bxe5 Bxe5 36. dxe5 Ng7 37. Kg3 Rf8 38. Ne2 Nc6 39. f4 gxf4+ 40. Nxf4 Nxe5 41.
Re1 Rxf4 42. Nxc4 {NAM} (42. Nxd5 Rxg4+ 43. Kh3 -- 44. Rxe5 Nf5 45. Re2 Rh4+
46. Kg2 Rg4+ 47. Kh3 Rg3+ 48. Kh2 Rg6 49. Kh3 Kd6 50. b4 Rg3+ 51. Kh2 Rxc3 52.
Ra2 {Hirsch,J (1292)-Gonda,T (1685)/Berkeley 2009}) 42... Rxg4+ 43. Kh3 Rxc4
44. Rxe5 Nf5 45. Re2 Rh4+ 46. Kg2 Rg4+ 47. Kh3 Rg3+ 48. Kh2 Rg6 49. Kh3 Kd6 50.
b4 Rg3+ 51. Kh2 Rxc3 52. Ra2 d4 53. Kg2 d3 54. Kf2 Rc2+ 55. Rxc2 dxc2 56. a4
c1=Q 57. axb5 Qe3+ 58. Kf1 Qd2 59. Kg1 Ne3 60. bxa6 Qg2# 0-1

[Event "Berkeley CC FNM; 30/90, SD/30"]
[Site "Berkeley"]
[Date "2009.06.05"]
[Round "6.8"]
[White "Hirsch, Jack"]
[Black "Yan, Jimmy"]
[Result "1-0"]
[WhiteElo "1292"]
[BlackElo "1317"]
[PlyCount "111"]
[EventDate "2009.??.??"]
[SourceDate "2007.10.22"]

1. e4 c5 2. Nf3 d6 3. Bb5+ Bd7 4. Bxd7+ Qxd7 5. d3 Nc6 6. Nc3 g6 7. O-O Bg7 8.
Bg5 Nf6 9. h3 Qc7 10. Qd2 O-O 11. Bh6 Rad8 12. Bxg7 Kxg7 13. Rfe1 a6 14. a3 b6
15. b3 b5 16. a4 bxa4 17. Rxa4 a5 18. Nd5 Qd7 19. Nxf6 exf6 20. d4 cxd4 21.
Nxd4 Ne5 22. Rxa5 Rfe8 23. Qf4 Qc7 24. Ra4 d5 25. exd5 Nf3+ 26. Nxf3 Rxe1+ 27.
Nxe1 Qe7 28. Nf3 Rxd5 29. Ra1 Qc5 30. Rc1 Rf5 31. Qe3 Qd5 32. Qd3 Qc6 33. Nd4
Qc8 34. Nxf5+ gxf5 35. Re1 h5 36. Re3 f4 37. Rf3 Qc7 38. Qc4 Qe5 39. Qxf4 Qa1+
40. Kh2 Kf8 41. Qxf6 Qxf6 42. Rxf6 Ke7 43. Rh6 f6 44. Rxh5 Kd6 45. Rh6 Kc5 46.
Rg6 Kb4 47. h4 f5 48. h5 f4 49. h6 f3 50. h7 Ka3 51. h8=Q fxg2 52. Ra6+ Kb4 53.
Qb8+ Kc3 54. Qe5+ Kd2 55. Rd6+ Kc1 56. Qa1+ 1-0

[Event "Berkeley CC Colle FNM; 30/90, SD/30"]
[Site "Berkeley"]
[Date "2011.06.24"]
[Round "3.2"]
[White "Hua, Arnold"]
[Black "Curto, Wayne"]
[Result "0-1"]
[WhiteElo "1976"]
[BlackElo "1900"]
[PlyCount "108"]
[EventDate "2011.??.??"]
[SourceDate "2007.10.22"]

1. e4 c6 2. d4 d5 3. f3 e6 4. Nc3 Nf6 5. Be3 Qa5 6. Bd3 b6 7. Nge2 Qb4 8. O-O
Ba6 9. Bxa6 Nxa6 10. Qd3 Nc7 11. e5 Nd7 12. f4 c5 13. f5 cxd4 14. fxe6 fxe6 15.
Bxd4 Bc5 16. a3 Qc4 17. Qxc4 dxc4 18. Bxc5 bxc5 19. Rf4 Rb8 20. Rxc4 Rxb2 21.
Ne4 Na6 22. Ra4 Rb6 23. Nd6+ Ke7 24. Nc4 Rc6 25. Rb1 Rb8 26. Rb3 Rxb3 27. cxb3
Ndb8 28. Kf2 Rc7 29. Nd6 Rc6 30. Rf4 Rc7 31. Rf7+ Kd8 32. Rf8+ Kd7 33. Nc3 Kc6
34. Ke3 Nd7 35. Rf7 Nxe5 36. Rxc7+ Nxc7 37. Nde4 Nd5+ 38. Kd2 Nxc3 39. Nxc3 c4
40. b4 Ng4 41. h3 Nf6 42. g4 Nd5 43. Ne4 h6 44. g5 hxg5 45. Nxg5 Kd6 46. Nf7+
Kc6 47. Ng5 Kd6 48. Nf7+ Kc6 49. Ng5 Nf4 50. Ke3 e5 51. a4 Nd5+ 52. Ke4 Nxb4
53. Kxe5 c3 54. Ne6 Kb6 0-1

[Event "Berkeley CC Reti FNM; 30/90, SD/60"]
[Site "Berkeley CA"]
[Date "2011.04.29"]
[Round "2.10"]
[White "Hua, Arnold"]
[Black "Muntean, Tudor"]
[Result "1-0"]
[WhiteElo "1920"]
[BlackElo "1747"]
[PlyCount "59"]
[EventDate "2011.??.??"]
[SourceDate "2007.10.22"]

1. e4 d5 2. exd5 Nf6 3. Nc3 c6 4. dxc6 Nxc6 5. Bc4 e5 6. d3 Bc5 7. Be3 Bxe3 8.
fxe3 Qb6 9. Qd2 Ng4 10. Nd1 O-O 11. h3 Nf6 12. Ne2 Be6 13. Bxe6 fxe6 14. O-O
Nd5 15. Rxf8+ Rxf8 16. Ng3 Nce7 17. c4 Nf6 18. Nc3 Nf5 19. Nxf5 exf5 20. d4 f4
21. d5 fxe3 22. Qe2 Ne8 23. Nd1 Nd6 24. Rc1 Rc8 25. b3 Nf5 26. Kh2 Qd4 27. g3
Qd2 28. Rc2 Qd4 29. Rc3 b5 30. Rd3 {B time exp} 1-0

[Event "Berkeley CC Reti FNM; 30/90, SD/60"]
[Site "Berkeley"]
[Date "2011.05.13"]
[Round "4.3"]
[White "Hua, Arnold"]
[Black "Wong, Henry"]
[Result "1-0"]
[WhiteElo "1920"]
[BlackElo "1593"]
[PlyCount "77"]
[EventDate "2011.??.??"]
[SourceDate "2007.10.22"]

1. e4 e6 2. Nf3 d5 3. Nc3 c5 4. d4 Nc6 5. Bb5 a6 6. Bxc6+ bxc6 7. O-O cxd4 8.
Qxd4 Nf6 9. exd5 cxd5 10. Re1 Be7 11. Ne5 Bd7 12. Bg5 O-O 13. Rad1 Rb8 14. Re3
Rb4 15. Qa7 Be8 16. Rh3 h6 17. Bc1 Bd6 18. Nd3 Qb6 19. Be3 Qxa7 20. Bxa7 Rb7
21. Bd4 Ng4 22. f3 Nf6 23. Bxf6 gxf6 24. Rxh6 Kg7 25. Rh4 f5 26. f4 f6 27. Re1
Re7 28. g4 Rg8 29. gxf5 Kf8+ 30. Kf2 Reg7 31. Rxe6 Rg2+ 32. Ke3 Bb8 33. Rh7 d4+
34. Kxd4 Bf7 35. Rxf6 Ba7+ 36. Ke4 R8g7 37. Rh8+ Ke7 38. Rxa6 Bg1 39. f6+ 1-0

[Event "BCC Grand ReOpening 2007"]
[Site "?"]
[Date "2007.10.14"]
[Round "6"]
[White "Hume, Chris"]
[Black "Duran, Robert"]
[Result "0-1"]
[WhiteElo "1776"]
[BlackElo "1620"]
[PlyCount "72"]
[EventDate "2007.??.??"]
[SourceDate "2007.10.22"]

1. e4 c5 2. c3 e6 3. d4 cxd4 4. cxd4 Nf6 5. Nc3 d5 6. e5 Nfd7 7. Nf3 Nc6 8. a3
Be7 9. Bd3 O-O 10. O-O f6 11. exf6 Nxf6 12. Re1 Bd7 13. b4 Rc8 14. Bb2 Bd6 15.
Ne5 Bb8 16. Nxd7 Qxd7 17. Ne2 Ng4 18. f3 Bxh2+ 19. Kh1 Nf2+ 20. Kxh2 Nxd1 21.
Raxd1 Rf6 22. b5 Qd6+ 23. f4 Ne7 24. g3 Nf5 25. Ng1 Nxg3 26. Re5 Ne4 27. Kg2
Rxf4 28. Nh3 Rg4+ 29. Kf1 Qf8+ 30. Ke1 Qf6 31. Bxe4 dxe4 32. Rd2 Qh4+ 33. Nf2
Rf8 34. Re2 Rg1+ 35. Kd2 Rxf2 36. d5 Qf4+ 0-1

[Event "George Koltanowski Sunday Marathon"]
[Site "?"]
[Date "2007.10.28"]
[Round "2"]
[White "Hume, Chris"]
[Black "Karp, Richard"]
[Result "1/2-1/2"]
[WhiteElo "1776"]
[BlackElo "1911"]
[PlyCount "139"]
[EventDate "2007.10.28"]
[SourceDate "2007.10.22"]

1. e4 c5 2. c3 d5 3. exd5 Qxd5 4. d4 cxd4 5. cxd4 Nc6 6. Nf3 Nf6 7. Nc3 Qa5 8.
a3 e6 9. Bd3 Be7 10. O-O O-O 11. Bf4 Nd5 12. b4 Nxc3 13. Qc2 Ne2+ 14. Qxe2 Qd8
15. Rad1 Bf6 16. Qe4 g6 17. Bh6 Bg7 18. Bxg7 Kxg7 19. b5 Ne7 20. Ng5 Nd5 21.
Qe5+ Qf6 22. Rfe1 Bd7 23. Ne4 Qxe5 24. dxe5 Rac8 25. Rc1 b6 26. Nd6 Rc3 27.
Rxc3 Nxc3 28. Rc1 Nd5 29. g3 f6 30. exf6+ Kxf6 31. f4 Ke7 32. Ne4 Rc8 33. Re1
Nc3 34. g4 Nxb5 35. f5 gxf5 36. gxf5 Nxa3 37. f6+ Kf8 38. Ng5 h6 39. Nxe6+ Kf7
40. Nf4 Kxf6 41. Ra1 Nb5 42. Bxb5 Bxb5 43. Rxa7 Bc4 44. Rh7 Kg5 45. Ng2 Rc6 46.
Rg7+ Kf6 47. Rb7 Ke5 48. Kf2 Bd5 49. Rb8 Rc2+ 50. Ke3 Rxg2 51. Rxb6 Rxh2 52.
Rg6 h5 53. Rg5+ Kd6 54. Kd4 Rh4+ 55. Kd3 Be4+ 56. Ke3 Bd5 57. Kf2 Rh1 58. Ke3
h4 59. Rh5 h3 60. Kf2 Bg2 61. Kg3 Rf1 62. Kh2 Ke6 63. Rh8 Rf6 64. Rg8 Kf5 65.
Rg3 Rg6 66. Rd3 Bf1 67. Rf3+ Kg4 68. Rxf1 Kh4 69. Rf4+ Kg5 70. Rf1 1/2-1/2

[Event "George Koltanowski Sunday Marathon"]
[Site "?"]
[Date "2007.11.04"]
[Round "3"]
[White "Hume, Chris"]
[Black "Watson, Farid"]
[Result "1-0"]
[WhiteElo "1776"]
[BlackElo "1954"]
[PlyCount "101"]
[EventDate "2007.10.28"]
[SourceDate "2007.10.22"]

1. e4 g6 2. d4 Bg7 3. Nc3 d6 4. Be3 Nf6 5. f4 Ng4 6. Qd2 Nd7 7. Nf3 Nxe3 8.
Qxe3 c6 9. e5 O-O 10. Bd3 Nb6 11. O-O-O Nd5 12. Nxd5 cxd5 13. h3 b5 14. g4 a5
15. Bxb5 Qb6 16. Ba4 Rb8 17. Qb3 Qc7 18. Qc3 Qa7 19. Bc6 Be6 20. Ba4 Rfc8 21.
Qa3 Rb4 22. Rd3 dxe5 23. fxe5 Bd7 24. Bxd7 Qxd7 25. Rc3 Rxc3 26. Qxc3 e6 27. b3
Bf8 28. h4 Rb7 29. h5 a4 30. hxg6 fxg6 31. Ng5 Rc7 32. Qd3 Qe7 33. Nxh7 Qa3+
34. Kb1 Rxh7 35. Qxg6+ Rg7 36. Qxe6+ Rf7 37. Rf1 Qe7 38. Qxd5 axb3 39. axb3 Kg7
40. Rxf7+ Qxf7 41. Qxf7+ Kxf7 42. d5 Bg7 43. e6+ Ke7 44. Ka2 Bc3 45. Ka3 Kd6
46. g5 Bd2 47. g6 Bc3 48. b4 Bf6 49. c4 Bg7 50. c5+ Ke7 51. Ka4 1-0

[Event "BCC Adolf Anderssen Friday Night Marath"]
[Site "Berkeley"]
[Date "2009.01.23"]
[Round "3.1"]
[White "Jahedi, Salar"]
[Black "Andries, W Craig"]
[Result "1/2-1/2"]
[WhiteElo "2086"]
[BlackElo "1867"]
[PlyCount "130"]
[EventDate "2009.??.??"]
[SourceDate "2007.10.22"]

{Fritz 11 (30s): 'B07: Pirc Defence: Miscellaneous Systems '} 1. e4 d6 2. d4
Nf6 3. Nc3 g6 4. Be3 Bg7 5. Be2 c6 6. a4 a5 (6... O-O 7. h3 (7. Qd2 Nbd7 8. Bh6
e5 9. Bxg7 Kxg7 10. Nf3 Qe7 11. O-O Re8 12. Rfe1 Nf8 13. h3 Nh5 14. Bf1 Nf4 15.
Ne2 Nxe2+ 16. Rxe2 f6 17. a5 Be6 18. Qc3 a6 19. Re3 g5 20. Bc4 Rad8 21. Bb3
Bxb3 {Kharchenko,B (2313)-Semiev,S (2287)/Alushta 2005/CBM 106 ext/0-1 (42)})
7... Qa5 8. Qd2 b5 9. b4 Qxb4 10. axb5 c5 11. Ra4 Qb2 12. e5 dxe5 13. Nd1 Qb1
14. dxe5 Nfd7 15. Bf3 Nb6 16. Rh4 Qxb5 17. Bxa8 Nxa8 18. Nf3 Nc6 19. Nc3 {
Fritz 11 (30s): 'Lee,G (2390)-Van der Sterren,P (2440)/Wijk aan Zee 1981/MCD/
0-1 (41)'} Qb2 20. Nd1 Qb5 21. Nc3 {
Lee,G (2390)-Van der Sterren,P (2440)/Wijk aan Zee 1981/MCD/0-1 (41)}) 7. f4
O-O $146 (7... Na6 8. Nf3 Nb4 9. Nd2 h5 10. h3 Bh6 11. Bf3 e5 12. Ne2 Be6 13.
Ra3 Nd7 14. O-O Nb6 15. Qb1 Nc4 16. Nxc4 Bxc4 17. fxe5 Bxe3+ 18. Rxe3 dxe5 19.
Rd1 Bxe2 20. Rxe2 Qe7 21. c3 Na6 22. d5 {
Cygon,J-Schaefer,J/Germany 1991/TD/0-1 (51)}) 8. e5 dxe5 (8... Nd5 9. Nxd5 cxd5
10. Nf3 $11) 9. dxe5 $14 Nd5 10. Nxd5 cxd5 11. Bf3 e6 12. Qd2 Bd7 13. Qf2 (13.
c4 Nc6 14. cxd5 Nb4 $14) 13... Bc6 {Black has a cramped position} (13... Qc7
14. Nh3 $11) 14. Bb6 (14. Ne2 f6 15. exf6 Bxf6 $14) 14... Qd7 $11 15. b3 f6 16.
exf6 Bxf6 17. Rd1 (17. Bd4 Bxd4 18. Qxd4 b5 $11) 17... Bc3+ $15 18. Kf1 Bg7 (
18... Bb4 19. Ne2 Qe7 20. Bd4 $15) 19. Ne2 $11 Qf7 20. Bc5 {
White threatens to win material: Bc5xf8} Re8 21. Bd4 Nd7 22. Bxg7 Qxg7 23. h4
h6 (23... e5 $142 $5 $11 {has some apparent merit}) 24. h5 $16 g5 25. fxg5 Ne5
26. g6 (26. gxh6 Qxh6 27. Rh3 Nxf3 28. Rxf3 Rf8 $16) 26... Rf8 27. Rh3 Ng4 $2 (
27... Nxf3 28. Rxf3 d4 29. Nxd4 Bxf3 30. Nxf3 $14 (30. gxf3 $143 Rad8 31. Rd3
Qe5 $17)) 28. Qb6 (28. Qc5 e5 29. Kg1 Nf6 $18) 28... e5 (28... Qe5 $142 $5 29.
Rc1 Qe3 30. Qxe3 Nxe3+ 31. Kf2 Nf5 $16) 29. Kg1 $18 Nf6 {Black plans e4} 30.
Ng3 e4 (30... Qd7 31. Qc5 Qe6 32. Rh4 $18) 31. Be2 Nd7 32. Qd4 $4 {
weakening the position} (32. Qe3 $5 Rf6 $18) 32... Ne5 $2 (32... Qxd4+ $142 $5
{is noteworthy} 33. Rxd4 Rae8 $14) 33. c3 (33. Qc5 Rae8 $18) 33... Rf6 $2 (
33... Qe7 34. Qb6 $16) 34. Rf1 (34. c4 $5 dxc4 35. Bxc4+ Nxc4 36. Qxc4+ Kh8 $18
) 34... Raf8 35. Rxf6 (35. Qd2 $142 $5 $18) 35... Qxf6 $14 36. Nf1 Qg5 37. Qe3
Rf4 38. Qa7 d4 $4 {the position is going down the drain} (38... Bd7 $142 39.
Qb8+ Kg7 40. Qxb7 Rf7 41. gxf7 Bxh3 42. f8=Q+ Kxf8 43. Qa8+ Kg7 44. Qa7+ Kg8
$16) 39. Qb8+ $18 Rf8 40. Qc7 Rxf1+ 41. Bxf1 Bd7 (41... d3 {is the last straw}
42. Qh7+ Kf8 43. Qh8+ Ke7 $18) 42. cxd4 Nf3+ 43. Rxf3 exf3 44. Qb8+ (44. Qxd7
f2+ 45. Kxf2 Qd2+ 46. Kg1 Qe3+ 47. Kh1 Qxb3 48. Qh7+ Kf8 49. g7+ Ke8 50. Bb5+
Ke7 51. g8=Q+ Qf7 52. Qhxf7+ Kd6 53. Qg3#) 44... Kg7 $18 45. Qc7 {
White has a mate threat} Qd5 $4 {Black has let it slip away} (45... Kg8 46.
Qxd7 f2+ 47. Kxf2 Qd2+ 48. Kg1 Qe3+ 49. Kh1 Qxb3 50. Qh7+ Kf8 51. g7+ Ke8 52.
Bb5+ Ke7 53. g8=Q+ Qf7 54. Qhxf7+ Kd6 55. Qg3#) 46. gxf3 $18 Qxd4+ 47. Kh1 Qh4+
48. Qh2 (48. Kg2 Qg5+ 49. Kf2 Qd2+ 50. Be2 Qd4+ 51. Kf1 Qa1+ 52. Kg2 Qd4 53.
Qxb7 Qd2 $18) 48... Qg5 $2 (48... Qd4 $142 $18) 49. Qb2+ Kf8 50. Qh8+ Ke7 51.
Qg7+ Kd8 52. Qg8+ (52. Qf8+ $142 {and White takes home the point} Kc7 53. g7
Qxh5+ 54. Kg1 Qg5+ 55. Kf2 $18) 52... Kc7 $16 53. Qc4+ Kd8 (53... Kd6 $142 54.
Qd4+ Ke7 $16) 54. Qg8+ $4 {gives the opponent counterplay} (54. Bd3 $142 $18 {
White had this great chance}) 54... Kc7 $11 {Twofold repetition} 55. Qg7 Qh4+
56. Kg1 Qg3+ {Black forks: f3+g1} 57. Bg2 Qe1+ 58. Bf1 Qg3+ 59. Kh1 Qh4+ {
Twofold repetition} 60. Kg2 Qg5+ 61. Kf2 Qd2+ $4 {Black loses the upper hand} (
61... Qc5+ $142 {was necessary '=' Fritz 11 (30s).} 62. Kg3 Qg5+ 63. Kf2 Qc5+
64. Ke2 Qc2+ 65. Ke3 Qc1+ 66. Kf2 Qc5+ $11) 62. Be2 $18 Qd6 63. Ke1 (63. Qc3+ {
and White can already relax} Kb8 64. g7 Qh2+ 65. Ke3 Qg1+ 66. Ke4 Bc6+ 67. Kd3
Qg5 $18) 63... Qg3+ (63... Qb4+ {is no salvation} 64. Kf1 Qxb3 65. Qe5+ Kc8 66.
g7 $18) 64. Kd1 Qg1+ (64... Qd6+ {is not much help} 65. Kc2 Kb8 66. Qh8+ (66.
Qxh6 $6 {succumbs to} Bf5+ 67. Kc1 Qa3+ 68. Kd2 Qb4+ {'=' Fritz 11 (30s).} 69.
Ke3 Qc5+ 70. Kd2 Qb4+ 71. Kd1 Qd4+ 72. Ke1 Qh4+ 73. Kd2 Qb4+ $11) 66... Bc8 67.
Bc4 $18 (67. Qxh6 $6 {is a bad alternative} Bf5+ 68. Kc3 Qe5+ 69. Kd2 Qd4+ 70.
Ke1 Qh4+ 71. Kd1 Qd4+ 72. Qd2 Qa1+ 73. Qc1 Qd4+ 74. Ke1 {'=' Fritz 11 (30s).}
Qh4+ 75. Kd2 Qd4+ 76. Ke1 Qh4+ 77. Kd2 Qd4+ 78. Ke1 $11)) 65. Kc2 Qe3 1/2-1/2

[Event "BCC Championship"]
[Site "Berkeley"]
[Date "2008.12.19"]
[Round "8.2"]
[White "Jahedi, Salar"]
[Black "Gonda, Thomas A"]
[Result "1-0"]
[WhiteElo "2082"]
[BlackElo "1409"]
[PlyCount "152"]
[EventDate "2008.??.??"]
[SourceDate "2007.10.22"]

1. e4 c5 2. c3 d6 3. d4 Nf6 4. dxc5 dxc5 5. Nd2 e5 6. Ngf3 Qc7 7. Bc4 Be7 8.
O-O O-O 9. h3 b6 10. Re1 Bb7 11. Qc2 Nbd7 12. Nf1 a6 13. a4 Bc6 14. Qd3 Rfd8
15. Ng5 Rf8 16. Ng3 Ne8 17. Nf5 Bxg5 18. Bxg5 Ndf6 19. f3 g6 20. Ng3 Qb7 21.
Qe2 Kg7 22. Red1 h6 23. Be3 Nc7 24. Rd6 Nfe8 25. Rdd1 Nf6 26. Qd2 Ng8 27. h4
Rad8 28. Qe2 Rxd1+ 29. Qxd1 b5 30. axb5 axb5 31. Bf1 Ne6 32. Qd6 Kf6 33. Qd2
Rd8 34. Qf2 c4 35. Ra7 Qb8 36. h5 Rd7 37. Ra6 Qc8 38. Ra1 Kg7 39. Ne2 Nf6 40.
hxg6 fxg6 41. Qh4 g5 42. Qh3 Qe8 43. Ng3 h5 44. Qf5 Nf4 45. Qxg5+ Ng6 46. Nxh5+
Nxh5 47. Qxh5 Kg8 48. Ra6 Rh7 49. Qg5 Rg7 50. Qf6 Bd7 51. Bh6 Rh7 52. Qxg6+
Qxg6 53. Rxg6+ Kf7 54. Rb6 Be6 55. Rb7+ Kg6 56. Rxh7 Kxh7 57. Bf8 Kg6 58. Bd6
Kf6 59. Kf2 Bf7 60. g3 Ke6 61. Bb8 Bg6 62. Bh3+ Kf6 63. Ke3 Bh7 64. f4 exf4+
65. gxf4 Bg8 66. e5+ Ke7 67. f5 Bd5 68. Kd4 Bc6 69. e6 Be8 70. Ke5 b4 71. f6+
Kf8 72. Bf1 bxc3 73. e7+ Kf7 74. Bxc4+ Kg6 75. bxc3 Kh7 76. Ke6 Kg8 1-0

[Event "George Koltanowski Sunday Marathon"]
[Site "?"]
[Date "2007.11.11"]
[Round "4"]
[White "Jahedi, Salar"]
[Black "Hume, Chris"]
[Result "1-0"]
[WhiteElo "2025"]
[BlackElo "1776"]
[PlyCount "99"]
[EventDate "2007.10.28"]
[SourceDate "2007.10.22"]

1. e4 Nf6 2. Nc3 d5 3. exd5 Nxd5 4. Bc4 Nb6 5. Bb3 Nc6 6. Nf3 Bf5 7. Qe2 e6 8.
O-O Be7 9. h3 O-O 10. Re1 Na5 11. d3 Nxb3 12. axb3 c6 13. Ne4 h6 14. Bd2 Nd5
15. Ra4 c5 16. Rea1 a6 17. Ne5 Qc7 18. Ng3 Bf6 19. Re1 b5 20. Raa1 Rfe8 21. Nh5
Bxe5 22. Qxe5 Qxe5 23. Rxe5 f6 24. Re2 e5 25. Ng3 Bg6 26. Rae1 Rac8 27. Ne4 Rc6
28. Nc3 Nb6 29. f4 b4 30. Nd1 Rce6 31. fxe5 Rxe5 32. Rxe5 fxe5 33. Be3 Nd7 34.
Nf2 Kf7 35. Ra1 Re6 36. Ra5 Rc6 37. Kf1 Ke6 38. Ke2 Kd5 39. Ra1 e4 40. dxe4+
Ke5 41. Rd1 Nf6 42. Kf3 Nxe4 43. Bf4+ Ke6 44. Nxe4 Bxe4+ 45. Kxe4 c4 46. Rd4
cxb3 47. cxb3 a5 48. Rc4 Ra6 49. Rc7 g5 50. Rh7 1-0

[Event "BCC Bobby Fischer Memorial Marathon"]
[Site "Berkeley, CA"]
[Date "2008.03.09"]
[Round "5.2"]
[White "Jahedi, Salar"]
[Black "Krasnov, Steven"]
[Result "1/2-1/2"]
[WhiteElo "2056"]
[BlackElo "1950"]
[PlyCount "131"]
[EventDate "2008.??.??"]
[SourceDate "2007.10.22"]

1. d4 Nf6 2. c4 e6 3. Nf3 d5 4. Bg5 Nbd7 5. cxd5 exd5 6. Nc3 Be7 7. e3 O-O 8.
Bd3 h6 9. Bh4 c6 10. O-O Re8 11. a3 Ne4 12. Bxe7 Qxe7 13. Qc2 a5 14. Rab1 b5
15. a4 b4 16. Ne2 Ba6 17. Ng3 Bxd3 18. Qxd3 Nxg3 19. hxg3 Qd6 20. Rfd1 c5 21.
b3 Rec8 22. Rbc1 Nb6 23. dxc5 Rxc5 24. Rxc5 Qxc5 25. Rd2 Rc8 26. Nd4 Qc3 27.
Qxc3 Rxc3 28. Rc2 Rxc2 29. Nxc2 Nd7 30. Nd4 Nc5 31. Kf1 Kf8 32. Ke2 Ke8 33. f3
g6 34. Kd2 Kd7 35. Kc2 Kd6 36. Nb5+ Ke5 37. Nd4 Kd6 38. Kd2 f6 39. Kc2 Kd7 40.
Ne2 Kd6 41. Nf4 g5 42. Ne2 h5 43. Nd4 Nd7 44. Nb5+ Kc6 45. Nd4+ Kd6 46. Kd3
Nc5+ 47. Kd2 Kd7 48. Kc2 Kc7 49. Nf5 Ne6 50. Kd3 Kb6 51. Nd4 Nc5+ 52. Kc2 Kc7
53. Nf5 Ne6 54. Kd3 Kb6 55. Nd6 Kc6 56. Ne8 f5 57. Nf6 h4 58. gxh4 gxh4 59. Ng8
f4 60. Ne7+ Kc5 61. Nf5 fxe3 62. Kxe3 d4+ 63. Ke4 Ng5+ 64. Kd3 h3 65. gxh3 Nxf3
66. Ke4 1/2-1/2

[Event "BCC Championship"]
[Site "Berkeley"]
[Date "2008.12.05"]
[Round "6.2"]
[White "Jahedi, Salar"]
[Black "Krasnov, Steven L"]
[Result "1-0"]
[WhiteElo "2082"]
[BlackElo "1961"]
[PlyCount "97"]
[EventDate "2008.??.??"]
[SourceDate "2007.10.22"]

1. d4 Nf6 2. Nf3 e6 3. c4 Bb4+ 4. Bd2 c5 5. g3 b6 6. Bg2 Bb7 7. O-O O-O 8. Bxb4
cxb4 9. Qb3 a5 10. a3 Na6 11. Rd1 d5 12. Nbd2 Rc8 13. Rac1 Qd6 14. Ne5 Rc7 15.
cxd5 exd5 16. Rxc7 Qxc7 17. Nf1 Rd8 18. Ne3 Ne4 19. Nd3 bxa3 20. Qxa3 Qd6 21.
Qxd6 Rxd6 22. Rc1 g6 23. g4 h6 24. Ne5 Ng5 25. Kf1 Ne6 26. Nc2 Kg7 27. e3 f6
28. Nd3 Rd7 29. Ke2 Kf7 30. Na3 Ke7 31. Nb5 Nac7 32. Nxc7 Rxc7 33. Rxc7+ Nxc7
34. Nf4 g5 35. Nh5 Bc8 36. Bf3 f5 37. h3 fxg4 38. Bxg4 Ba6+ 39. Kd2 Bf1 40. Ng3
Bc4 41. Nf5+ Kf6 42. Nxh6 b5 43. Nf5 b4 44. Nd6 a4 45. Nxc4 dxc4 46. Be2 Kf5
47. Bxc4 Ke4 48. Ke2 Nd5 49. f3+ 1-0

[Event "BCC Annual Championship"]
[Site "?"]
[Date "2008.11.14"]
[Round "4.6"]
[White "Jahedi, Salar"]
[Black "Landrum, Brett John"]
[Result "1-0"]
[WhiteElo "2080"]
[BlackElo "1480"]
[PlyCount "87"]
[EventDate "2008.??.??"]
[SourceDate "2007.10.22"]

1. d4 d5 2. c4 dxc4 3. Nf3 Bg4 4. e3 e6 5. Bxc4 Bd6 6. Nc3 a6 7. O-O Qf6 8. Ne4
Qe7 9. d5 exd5 10. Bxd5 c6 11. Nxd6+ Qxd6 12. Bxf7+ Ke7 13. Qb3 Nd7 14. Bxg8
Rhxg8 15. e4 Rgf8 16. Bg5+ Ke8 17. Bh4 Nc5 18. Qe3 Bxf3 19. gxf3 Qg6+ 20. Bg3
Ne6 21. Rad1 Qh5 22. f4 Rf7 23. Rd6 Re7 24. Qb3 Qf7 25. Rfd1 Nc5 26. Qb6 Qc4
27. Bh4 Rxe4 28. b3 Qb4 29. Qxb4 Rxb4 30. Re1+ Re4 31. Rxe4+ Nxe4 32. Re6+ Kf7
33. Rxe4 b5 34. f5 a5 35. Re7+ Kg8 36. Rc7 Ra6 37. Bg3 h6 38. Be5 h5 39. Rxg7+
Kf8 40. Rc7 a4 41. f6 axb3 42. axb3 h4 43. Bd6+ Kg8 44. f7+ 1-0

[Event "George Koltanowski Sunday Marathon"]
[Site "?"]
[Date "2007.10.28"]
[Round "2"]
[White "Jahedi, Salar"]
[Black "Marthinsen, Art"]
[Result "1-0"]
[WhiteElo "2025"]
[BlackElo "1920"]
[PlyCount "81"]
[EventDate "2007.10.28"]
[SourceDate "2007.10.22"]

1. d4 Nf6 2. c4 e6 3. Nf3 Bb4+ 4. Bd2 Bxd2+ 5. Nbxd2 d5 6. e3 O-O 7. Rc1 c6 8.
Bd3 Nbd7 9. O-O e5 10. cxd5 cxd5 11. Nxe5 Nxe5 12. dxe5 Ng4 13. Nf3 Re8 14. Qc2
g6 15. Qc3 Qe7 16. Bb5 Rd8 17. h3 Nh6 18. Qc7 Qxc7 19. Rxc7 a6 20. Bd3 Rb8 21.
Nd4 Kf8 22. Rfc1 Ng8 23. e6 Ne7 24. exf7 Kxf7 25. h4 Kf6 26. f3 h6 27. g4 Bd7
28. Kf2 Rdc8 29. Rxc8 Rxc8 30. Rxc8 Nxc8 31. Ne2 Ne7 32. Kg3 b5 33. Kf4 g5+ 34.
hxg5+ hxg5+ 35. Kg3 Ng6 36. Bxg6 Kxg6 37. f4 Kf6 38. b4 Bc8 39. Nd4 Bd7 40. Nf3
gxf4+ 41. exf4 1-0

[Event "BCC Adolf Anderssen Marathon"]
[Site "?"]
[Date "2009.01.09"]
[Round "1"]
[White "Jahedi, Salar"]
[Black "Morgan, Jerry"]
[Result "1-0"]
[WhiteElo "2087"]
[BlackElo "1393"]
[PlyCount "73"]
[EventDate "2009.??.??"]
[SourceDate "2007.10.22"]

1. e4 c6 2. d4 d5 3. e5 c5 4. c3 Nc6 5. Be3 Nh6 6. Bxh6 gxh6 7. Ne2 Bg4 8. f3
Bf5 9. Nd2 Qb6 10. Qb3 e6 11. f4 Be7 12. Nf3 Qxb3 13. axb3 Bc2 14. dxc5 Bxb3
15. Ned4 Bc4 16. Nxc6 Bxf1 17. Rxf1 bxc6 18. b4 f5 19. Ra6 Kd7 20. Kf2 Rhc8 21.
Rfa1 Rc7 22. Nd4 h5 23. Nb3 Rb7 24. Nc1 Bh4+ 25. g3 Be7 26. Nd3 h4 27. Ke3 h5
28. Nb2 hxg3 29. hxg3 h4 30. gxh4 Bxh4 31. Nd3 Be7 32. Ne1 Rc7 33. Nf3 Bf8 34.
Nd4 Bh6 35. Rg1 Re8 36. Rg6 Bf8 37. Rf6 1-0

[Event "BCC David Pruess Marathon"]
[Site "?"]
[Date "2008.09.05"]
[Round "1.1"]
[White "Jahedi, Salar"]
[Black "Muntean, Tudor"]
[Result "1-0"]
[WhiteElo "2070"]
[BlackElo "1491"]
[PlyCount "49"]
[EventDate "2008.??.??"]
[SourceDate "2007.10.22"]

1. e4 e5 2. Nf3 Nf6 3. Nxe5 d6 4. Nf3 Nxe4 5. Nc3 d5 6. Qe2 Be7 7. Nxe4 dxe4 8.
Qxe4 O-O 9. Bc4 Bd6 10. O-O Re8 11. Qh4 Be7 12. Qh5 g6 13. Bxf7+ Kg7 14. Qd5
Bd6 15. d4 Re7 16. Bg5 Nc6 17. Rae1 Qf8 18. Be6 Rxe6 19. Rxe6 Bxe6 20. Qxe6 Re8
21. Qd7+ Kg8 22. c4 Re4 23. c5 Be7 24. Qd5+ Kh8 25. Qxe4 1-0

[Event "Shorman Sunday Night Marathon"]
[Site "?"]
[Date "2008.01.06"]
[Round "3"]
[White "Jahedi, Salar"]
[Black "Sowell, Nelson"]
[Result "1-0"]
[WhiteElo "2025"]
[BlackElo "1749"]
[PlyCount "83"]
[EventDate "2008.??.??"]
[SourceDate "2007.10.22"]

1. e4 Nf6 2. e5 Nd5 3. d4 d6 4. Nf3 Bg4 5. Be2 e6 6. O-O Be7 7. c4 Nb6 8. Nc3
O-O 9. Be3 Nc6 10. exd6 cxd6 11. d5 Bxf3 12. Bxf3 exd5 13. Bxd5 Nxd5 14. Nxd5
Bf6 15. Qd2 Ne5 16. Rac1 b6 17. Rfd1 Rc8 18. b3 b5 19. cxb5 Rxc1 20. Rxc1 Qd7
21. Rc7 Qg4 22. Nxf6+ gxf6 23. h3 Qg6 24. Qd1 Kh8 25. Rxa7 Rg8 26. Qd5 Qf5 27.
Ra8 Qb1+ 28. Kh2 Rxa8 29. Qxa8+ Kg7 30. b6 Qf5 31. Qa4 Qc8 32. Qh4 Nd7 33. Qg3+
Kh8 34. Bh6 Qg8 35. Qxd6 Qe8 36. b7 Qe5+ 37. Bf4 Qb5 38. b8=Q+ Qxb8 39. Qxb8+
Nxb8 40. Bxb8 Kg7 41. a4 Kf8 42. a5 1-0